Ligue des champions féminine : Quarts de finalistes - Statistiques

Statistiques générales
  • Ce quiz a été pris 125 fois
    100 depuis la dernière actualisation
  • Le résultat moyen est 77 sur 176
Statistiques - réponses
Saison Pays Club % Correct
2007-2008 | 2008-2009 | 2009-2010 | +11 others FRA Olympique lyonnais
96%
2014-2015 | 2015-2016 | 2016-2017 | +5 others FRA Paris SG
96%
2013-2014 | 2015-2016 | 2016-2017 | +6 others ESP FC Barcelone
93%
2016-2017 | 2018-2019 | 2019-2020 | +3 others GER Bayern Munich
90%
2017-2018 | 2018-2019 | 2020-2021 | 2022-2023 ENG Chelsea
89%
2001-2022 | 2002-2003 | 2004-2005 | +12 others ENG Arsenal
85%
2021-2022 ESP Real Madrid
82%
2021-2022 ITA Juventus
76%
2012-2013 | 2013-2014 | 2014-2015 | +8 others GER VfL Wolfsburg
76%
2016-2017 | 2017-2018 | 2020-2021 ENG Manchester City
71%
2022-2023 ITA AS Rome
46%
2010-2011 | 2012-2013 FRA FCF Juvisy
46%
2019-2020 ESP Atlético Madrid
41%
2001-2022 | 2002-2003 | 2003-2004 | +6 others GER 1. FFC Francfort
40%
2005-2006 | 2009-2010 | 2017-2018 FRA Montpellier HSC
34%
2011-2012 | 2012-2013 SWE LBFC Malmö
32%
2003-2004 SWE Malmö FF
32%
2014-2015 GER 1. FFC Francfort
29%
2004-2005 | 2005-2006 | 2006-2007 | +4 others GER 1. FFC Turbine Potsdam
29%
2011-2012 | 2012-2013 SWE Kopparbergs/Göteborg FC
28%
2014-2015 | 2015-2016 | 2016-2017 | 2020-2021 SWE FC Rosengård
13%
2015-2016 | 2017-2018 | 2018-2019 CZE SK Slavia Prague
13%
2001-2022 | 2002-2003 | 2003-2004 | +5 others SWE Umeå IK
13%
2010-2011 ENG Everton
12%
2005-2006 CZE AC Sparta Prague
10%
2001-2022 | 2002-2003 FRA Toulouse FC
10%
2013-2014 ENG Birmingham City
6%
2001-2022 | 2002-2003 FIN Helsinki JK
6%
2008-2009 | 2009-2010 | 2010-2011 GER FCR Duisbourg
5%
2003-2004 AZE Gömrükçü Bakou
5%
2007-2008 | 2008-2009 ITA ASDCF Bardolino Vérone
4%
2003-2004 | 2005-2006 | 2006-2007 | +4 others DEN Brøndby IF
4%
2002-2003 | 2016-2017 DEN Fortuna Hjørring
4%
2014-2015 | 2019-2020 SCO Glasgow City
4%
2010-2011 | 2014-2015 | 2017-2018 SWE Linköping FC
4%
2014-2015 ENG Bristol Academy
2%
2003-2004 ENG Fulham
2%
2013-2014 SWE Tyresö FF
2%
2008-2009 | 2010-2011 RUS Zvezda 2005
2%
2006-2007 ISL Breiðablik Kopavogur
1%
2007-2008 BEL KFC Rapide Wezemaal
1%
2018-2019 NOR Lillestrøm SK
1%
2001-2022 | 2002-2003 | 2004-2005 NOR SK Trondheims-Ørn
1%
2013-2014 AUT SV Neulengbach
1%
2004-2005 | 2009-2010 | 2012-2013 | 2013-2014 ITA Torres CF
1%
2005-2006 ISL Valur Reykjavik
1%
2007-2008 | 2011-2012 | 2012-2013 RUS WFC Rossiyanka
1%
2015-2016 ITA ACF Brescia
0%
2002-2003 RUS CSK VVS Samara
0%
2004-2005 | 2005-2006 SWE Djurgården/Älvsjö
0%
2004-2005 BLR FC Bobruitchanka
0%
2003-2004 | 2004-2005 RUS FC Energija Voronej
0%
2003-2004 | 2006-2007 NOR Kolbotn
0%
2001-2022 DEN Odense BK
0%
2001-2022 RUS Riazan TNK
0%
2009-2010 NOR Røa IL
0%
2006-2007 NED SV Saestum
0%
Aucun quiz correspondant
Distribution des résultats
% des personnes avec chaque résultat
Percentile par nombre de réponses
Votre historique - résultats
Vous n’avez pas pris ce quiz depuis la dernière actualisation